Child rights and the law / (Record no. 82737)

MARC details
000 -LEADER
fixed length control field 00661nam a22001937a 4500
005 - DATE AND TIME OF LATEST TRANSACTION
control field 20140314143844.0
010 ## - LCCN (DPL NO)
LC control number ENG-109458
020 ## - INTERNATIONAL STANDARD BOOK NUMBER
Terms of availability 595.00
International Standard Book Number 9789350351499
035 ## - SYSTEM CONTROL NUMBER
System control number EN-92991
037 ## - SOURCE OF ACQUISITION
Source of stock number/acquisition DBAD/PUB
082 ## - DEWEY DECIMAL CLASSIFICATION NUMBER
Classification number 346.540135
100 ## - MAIN ENTRY--PERSONAL NAME
Personal name Nuzhat Parveen Khan
245 00 - TITLE STATEMENT
Title Child rights and the law /
Statement of responsibility, etc by Nuzhat Parveen Khan
260 ## - PUBLICATION, DISTRIBUTION, ETC. (IMPRINT)
Place of publication, distribution, etc Delhi
Name of publisher, distributor, etc Universal Law Publishing
Date of publication, distribution, etc 2012
270 ## - ADDRESS
Address C-FF-1A, Dilkhush Industrial Estate, (Near Azadpur Metro Station) G.T. Karnal Road,
City Delhi
Postal code 110033
300 ## - PHYSICAL DESCRIPTION
Extent xxix,546p.
Dimensions 23cm(pbk)
500 ## - GENERAL NOTE
General note Includes bibliographical references and index
942 ## - ADDED ENTRY ELEMENTS (KOHA)
Source of classification or shelving scheme Dewey Decimal Classification
Item type English Books
Call number suffix NUZ
Classification part 346.540135
Holdings
Withdrawn status Lost status Not for loan Collection code Home library Current library Date acquired Source of acquisition Cost, normal purchase price Full call number Barcode Copy number Cost, replacement price Koha item type
    Not For Loan Non-fiction D.B.Act.Division D.B.Act.Division 25/02/2014 DBAD/PUB 595.00 346.540135 NUZ EN-92991 1 595.00 English Books

© Delhi Public Library
Hit Counter
free hit counter